Алгебра (Запис номер 117489)
[ съкратено ]
| 000 -Лидер | |
|---|---|
| Контролно поле с фиксирана дължина | 01182nam a2200313 c 4500 |
| 003 - Код на организацията, давaща контролен номер | |
| Контролно поле | BLK |
| 005 - Дата и час на последна редакция | |
| Контролно поле | 20180422110449.0 |
| 008 - Елементи от данни с фиксирана дължина | |
| fixed length control field | 180409b bul|||||r ||||||| ||bul|| |
| 010 ## - Наследен системен номер | |
| LC control number | KNG00123076000 |
| 040 ## - Източник на каталожния запис | |
| Идентификатор на билиотеката - собственик на записа | BLK |
| 041 ## - Код за език | |
| Код за езика на текст/звукозапис или на отделно заглавие | Български |
| Код за езика КДБФ | Български |
| 080 ## - УДК | |
| Текстов определител УДК | Алгебра (Основи и логика вж 510) |
| УДК код - определител по УДК | 512 |
| УДК определител | (075.3) |
| УДК - код + определител | 512(075.3) |
| 100 1# - Редна дума - Автор | |
| Автор | Запрянов, Запрян Димитров |
| Авторска отговорност | първи автор |
| R(LIN) | 363472 |
| 139 ## - Редно поле | |
| Редна дума | Алгебра |
| Авторски знак | Алг - А 49 |
| 245 10 - Сведения за заглавието | |
| Заглавие | Алгебра |
| Подзаглавни данни | За X кл. на ЕСПУ |
| Редно поле (дума) | Запрян Димитров Запрянов. |
| 257 ## - Страна на издаване | |
| Страна на създаване/издаване | България |
| 260 ## - Област на издателските данни | |
| -- | София |
| Име на издателя, разпространителя и проч. | Нар. просв. |
| Година на издаване | 1990 |
| 300 ## - Физическа характеристика | |
| Страници | 151 с. |
| Илюстрации и др. | с ил. |
| Размери/Мащаб | 21 см |
| 380 ## - Жанр | |
| Жанр | Естествени науки. Математика |
| 500 ## - Общи забележки | |
| Забележка | Други авт. : Б. Димитров, Н. Георгиева, В. Вакарелова. |
| 650 #4 - Допълнително описание по предмет – тема | |
| Основно описание – тема или топоним | Алгебра - учебници за средни училища |
| 9 (RLIN) | 246051 |
| 653 ## - Ключова дума – ненормативна | |
| Ключова дума | алгебра |
| 653 ## - Ключова дума – ненормативна | |
| Ключова дума | Х кл. |
| 852 ## - Местоположение | |
| Форматна сигнатура | Цб 163045 |
| 856 4# - Електронен адрес и достъп | |
| Електронен формат | pdf - файл |
| Път до файла /url/ | |
| 856 4# - Електронен адрес и достъп | |
| Електронен формат | pdf - файл |
| Път до файла /url/ | |
| 942 ## - АРТИКУЛИ | |
| Вид на библиотечния материал | Книги |
| Скрит в OPAC | Не |
| 944 ## - СЪЗДАВАНЕ И РЕДАКЦИЯ на ЗАПИСА | |
| Създаване/Редакция | Създаване |
| Дата на регистрацията/редакция | 27.04.2011 |
| Статус, дата на статуса | добави в АБ / 26.04.2011 |
| Служител, извършил регистрацията/редакцията | Людмила_Стоянова |
| 944 ## - СЪЗДАВАНЕ И РЕДАКЦИЯ на ЗАПИСА | |
| Създаване/Редакция | Редакция |
| Дата на регистрацията/редакция | 03.05.2011 |
| Статус, дата на статуса | добави в АБ / 26.04.2011 |
| Служител, извършил регистрацията/редакцията | |
| 999 ## - СИСТЕМНИ КОНТРОЛНИ НОМЕРА | |
| Koha biblionumber | 117489 |
| Koha biblioitemnumber | 117489 |
| Код за отписване | Код за изгубен артикул | Източник на класификационната схема | Код за повреда | Коз за рестрикции | Код за отдаване | Артикулен № | Име на библиотеката - собственик | Име на библиотеката, в която се намира в момента | Статус (Текущо местоположение) | Дата на вписване в системата | Местоположение - отдел | Цена в лева | Инвентарен номер | Систематично азбучна сигнатура | Баркод | Номер на екземпляра | Цена в евро | Служебна бележка | Служебен тип на артикула |
|---|---|---|---|---|---|---|---|---|---|---|---|---|---|---|---|---|---|---|---|
| Не е изгубен | Universal Decimal Classification | Не е повреден | без рестрикции | ползва се в читалня | 189506 | Регионална библиотека "Любен Каравелов" Русе | Регионална библиотека "Любен Каравелов" Русе | Хранилище | 1990-01-01 | Хранилище | 0.52 | 537161 | Цб 163045 | 120000537161 | 1 | 0.27 | Дост: Dp Вид: Д N: стар фонд Дата: 01.01.1990 | Книги | |
| Изтеглен | Не е изгубен | Universal Decimal Classification | Не е повреден | без рестрикции | заемане за дома | 189507 | Регионална библиотека "Любен Каравелов" Русе | Регионална библиотека "Любен Каравелов" Русе | Заемна - подръчен фонд | 1990-01-01 | Заемна - подръчен фонд | 0.52 | 537472 | П 512/А 49 | 537472 | 2 | 0.27 | Дост: Pk Вид: Ф N: стар фонд Дата: 01.01.1990 | Книги |